=LDR 00000nam 2200000 4500 =001 INLIS000000000009146 =005 20130612100951 =008 ***********************************Ind** =035 ##$$0010-061300000009146 =041 ##$$a Ind =082 ##$$a 005.369 =090 ##$$a 005.369, Sut-s =100 ##$$a Suteja, Wira =245 ##$$a SPK : Lotus 1-2-3 untuk SMA, buku dua, Wira Sutedja =260 ##$$a 1992 $b Jakarta =300 ##$$a x, 141 hlm., ilus., 21 cm =650 ##$$a Komputer-Program Lotus 1-2-3 =850 ##$$a NBPNMAT